[Event "12. Open Internacional Málaga"]
[Site "Malaga ESP"]
[Date "2009.07.16"]
[Round "7.29"]
[White "Osuna Vega, Enrique"]
[Black "Guadamuro Torrente, Ana Isabel"]
[Result "1-0"]
[WhiteElo "2113"]
[BlackElo "2136"]
[PlyCount "141"]
[EventDate "2009.07.11"]
[EventType "swiss"]
[EventRounds "9"]
[EventCountry "ESP"]
[Source "lmi"]
[SourceDate "2009.07.11"]

1. e4 e5 2. d4 exd4 3. Bc4 Nf6 4. Nf3 Nc6 5. e5 d5 6. Bb5 Ne4 7. Nxd4 Bd7 8.
Bxc6 bxc6 9. O-O Be7 10. f3 Nc5 11. Be3 O-O 12. Nc3 Re8 13. Qd2 Bf8 14. Qf2 Nb7
15. Nb3 Rxe5 16. Bxa7 Rh5 17. Bd4 Bd6 18. f4 c5 19. Be5 Bxe5 20. fxe5 Be6 21.
Rae1 Rf5 22. Qd2 Rxf1+ 23. Rxf1 Qh4 24. Nxd5 c4 25. Nd4 Bxd5 26. Nf5 Qd8 27.
Qxd5 Qxd5 28. Ne7+ Kf8 29. Nxd5 Rxa2 30. e6 Nd6 31. e7+ Ke8 32. Re1 Kd7 33. Ne3
Kxe7 34. Nxc4+ Kd7 35. Rd1 Ke6 36. Nxd6 cxd6 37. Rb1 Kd5 38. Kf2 Kc4 39. Ke2
Ra5 40. Rf1 Re5+ 41. Kd2 f5 42. b3+ Kc5 43. Ra1 g5 44. Ra7 h6 45. Rc7+ Kb6 46.
Rh7 Re6 47. g3 Kc5 48. Rc7+ Kd4 49. c3+ Ke4 50. b4 Kf3 51. b5 Re2+ 52. Kc1 Re1+
53. Kb2 Re8 54. Rh7 Rb8 55. c4 d5 56. Rxh6 dxc4 57. b6 Ke4 58. Kc3 Kd5 59. Rg6
g4 60. Kb4 Kd4 61. Rd6+ Ke5 62. Rc6 Kd5 63. Kb5 Rb7 64. Rc5+ Kd6 65. Rxc4 Rh7
66. Rd4+ Ke5 67. Rd2 f4 68. gxf4+ Kxf4 69. Ka6 Rh3 70. Rb2 Ra3+ 71. Kb5 1-0

[Event "12. Open Internacional Málaga"]
[Site "Malaga ESP"]
[Date "2009.07.16"]
[Round "7.30"]
[White "Yeo, Michael J"]
[Black "Dappiano, Andrea"]
[Result "1-0"]
[WhiteElo "2136"]
[BlackElo "1927"]
[PlyCount "61"]
[EventDate "2009.07.11"]
[EventType "swiss"]
[EventRounds "9"]
[EventCountry "ESP"]
[Source "lmi"]
[SourceDate "2009.07.11"]

1. e4 e6 2. d4 d5 3. Nc3 Bb4 4. a3 Bxc3+ 5. bxc3 dxe4 6. Qg4 Nf6 7. Qxg7 Rg8 8.
Qh6 Nbd7 9. Nh3 c5 10. Be2 Qa5 11. Bd2 Qa4 12. Ng5 cxd4 13. Nxh7 Nxh7 14. Qxh7
Nf6 15. Qh4 dxc3 16. Bxc3 Nd5 17. Qh7 Rxg2 18. Bh5 Rxf2 19. Qg8+ Kd7 20. Kxf2
Qxc2+ 21. Be2 e3+ 22. Kg3 Qxe2 23. Qxf7+ Kd6 24. Qf8+ Kc6 25. Be5 b6 26. a4 Qh5
27. Rhc1+ Kb7 28. Qg7+ Ka6 29. a5 Bd7 30. axb6+ Kxb6 31. Bd4+ 1-0

[Event "12. Open Internacional Málaga"]
[Site "Malaga ESP"]
[Date "2009.07.16"]
[Round "7.32"]
[White "Jimenez Capilla, Martin R"]
[Black "Ortega Gonzalez, Jose Luis"]
[Result "1-0"]
[WhiteElo "1984"]
[BlackElo "1867"]
[PlyCount "59"]
[EventDate "2009.07.11"]
[EventType "swiss"]
[EventRounds "9"]
[EventCountry "ESP"]
[Source "lmi"]
[SourceDate "2009.07.11"]

1. e4 e6 2. d4 d5 3. Nd2 dxe4 4. Nxe4 Nd7 5. Nf3 Ndf6 6. Ng3 Ne7 7. Bd3 Ng6 8.
O-O c5 9. c3 Bd7 10. Ne5 cxd4 11. cxd4 Nxe5 12. dxe5 Nd5 13. Qg4 g6 14. Ne4 h5
15. Qg3 Be7 16. Rd1 h4 17. Qg4 h3 18. g3 Bc6 19. Bg5 Bxg5 20. Nxg5 Qe7 21. Nxf7
Kxf7 22. Bxg6+ Kf8 23. Rd3 Nc7 24. Rc1 Rd8 25. Rc4 Rxd3 26. Rf4+ Kg8 27. Bf7+
Kf8 28. Bh5+ Qf7 29. Rxf7+ Ke8 30. Rf3+ 1-0

[Event "12. Open Internacional Málaga"]
[Site "Malaga ESP"]
[Date "2009.07.16"]
[Round "7.33"]
[White "Goetzee, Rick"]
[Black "Teijeiro Barros, Alberto"]
[Result "1/2-1/2"]
[WhiteElo "1949"]
[BlackElo "2198"]
[PlyCount "40"]
[EventDate "2009.07.11"]
[EventType "swiss"]
[EventRounds "9"]
[EventCountry "ESP"]
[Source "lmi"]
[SourceDate "2009.07.11"]

1. d4 Nf6 2. c4 e6 3. Nc3 Bb4 4. Qc2 O-O 5. a3 Bxc3+ 6. Qxc3 b6 7. Nf3 Bb7 8.
Bg5 h6 9. Bh4 d6 10. e3 Nbd7 11. Be2 c5 12. O-O Qc7 13. Rfd1 Ne4 14. Qc2 a6 15.
Nd2 Nxd2 16. Qxd2 d5 17. Rac1 dxc4 18. Bxc4 Bc6 19. d5 exd5 20. Bxd5 Ne5
1/2-1/2

[Event "12. Open Internacional Málaga"]
[Site "Malaga ESP"]
[Date "2009.07.16"]
[Round "7.38"]
[White "Roman Lopez, Jesus"]
[Black "Bolle, Leendert"]
[Result "1-0"]
[WhiteElo "1892"]
[BlackElo "1963"]
[PlyCount "61"]
[EventDate "2009.07.11"]
[EventType "swiss"]
[EventRounds "9"]
[EventCountry "ESP"]
[Source "lmi"]
[SourceDate "2009.07.11"]

1. e4 e5 2. Nf3 Nc6 3. d4 exd4 4. Nxd4 Bc5 5. Be3 Qf6 6. c3 Nge7 7. Bc4 d6 8.
O-O Qg6 9. Nxc6 Nxc6 10. Bxc5 dxc5 11. f4 O-O 12. Nd2 Rb8 13. a4 b6 14. Qe2 a5
15. Rae1 Re8 16. e5 Bf5 17. Ne4 Rbd8 18. Ng5 Re7 19. Rd1 Rf8 20. h4 h5 21. Rd2
Nd8 22. Qd1 Ne6 23. Be2 Qh6 24. Bxh5 g6 25. g4 Nxg5 26. hxg5 Qh8 27. gxf5 Qxh5
28. Qxh5 gxh5 29. Kg2 Ree8 30. Rd7 Rd8 31. Rfd1 1-0

[Event "12. Open Internacional Málaga"]
[Site "Malaga ESP"]
[Date "2009.07.16"]
[Round "7.39"]
[White "Jurado Vazquez, Jose Carlos"]
[Black "Antunez Munoz, Juan Jesus"]
[Result "1/2-1/2"]
[WhiteElo "1963"]
[BlackElo "1699"]
[PlyCount "120"]
[EventDate "2009.07.11"]
[EventType "swiss"]
[EventRounds "9"]
[EventCountry "ESP"]
[Source "lmi"]
[SourceDate "2009.07.11"]

1. e4 c5 2. Nf3 g6 3. d4 cxd4 4. Nxd4 Nc6 5. c4 Nf6 6. Nc3 d6 7. Be2 Nxd4 8.
Qxd4 Bg7 9. O-O O-O 10. Kh1 Be6 11. Qd3 Qa5 12. Nd5 Nxd5 13. cxd5 Bd7 14. Bd2
Qb6 15. Be3 Qa5 16. Bd4 Bb5 17. Qxb5 Qxb5 18. Bxb5 Bxd4 19. Bd7 Rfd8 20. Bh3 a5
21. Rac1 Bc5 22. f4 b6 23. f5 Ra7 24. fxg6 hxg6 25. Rf3 Bd4 26. b3 b5 27. g4 g5
28. Bf1 Rb7 29. Be2 Rbb8 30. Rc7 Bf6 31. Ra7 a4 32. bxa4 bxa4 33. Rxa4 Rb2 34.
Bc4 Be5 35. h3 Rb1+ 36. Kg2 Rdb8 37. Bb3 Rc8 38. Rc4 Rxc4 39. Bxc4 Rb4 40. Bd3
Bd4 41. Kf1 Rb2 42. Bc4 Rb4 43. Bd3 Rb2 44. a4 Bb6 45. Ke1 Rb4 46. Bc2 Kf8 47.
Rb3 Rxb3 48. Bxb3 Ke8 49. Ke2 Kd7 50. Kd3 Bc5 51. Kc4 Kc7 52. Kb5 Kb7 53. e5
Be3 54. exd6 exd6 55. Kc4 f6 56. Kd3 Bf4 57. Ke4 Be5 58. Kf5 Kc7 59. a5 Kb7 60.
Bc4 Ka7 1/2-1/2

[Event "12. Open Internacional Málaga"]
[Site "Malaga ESP"]
[Date "2009.07.16"]
[Round "7.41"]
[White "Corrales Ibanez, Pedro Luis"]
[Black "Garzon Rodriguez, Jose Manuel"]
[Result "1-0"]
[WhiteElo "2010"]
[BlackElo "1905"]
[PlyCount "55"]
[EventDate "2009.07.11"]
[EventType "swiss"]
[EventRounds "9"]
[EventCountry "ESP"]
[Source "lmi"]
[SourceDate "2009.07.11"]

1. e4 d6 2. d4 e5 3. Nf3 exd4 4. Nxd4 g6 5. Bc4 Bg7 6. O-O Ne7 7. Nc3 Nbc6 8.
Be3 Ne5 9. Bb3 N7c6 10. h3 Na5 11. Qe2 Nxb3 12. axb3 Bd7 13. b4 f6 14. f4 Nf7
15. Qc4 O-O 16. b5 Kh8 17. Nd5 f5 18. exf5 Bxf5 19. Qxc7 Qh4 20. Nxf5 gxf5 21.
c3 Rae8 22. Qxb7 Nh6 23. Rxa7 Rf7 24. Qc6 Rg8 25. Rxf7 Ng4 26. Rxg7 Kxg7 27.
Bd4+ Kh6 28. Qxd6+ 1-0

[Event "12. Open Internacional Málaga"]
[Site "Malaga ESP"]
[Date "2009.07.16"]
[Round "7.42"]
[White "Jimenez Ruiz, Jose Carlos"]
[Black "Bellon Fernandez, Javier"]
[Result "1-0"]
[WhiteElo "1985"]
[BlackElo "1863"]
[PlyCount "47"]
[EventDate "2009.07.11"]
[EventType "swiss"]
[EventRounds "9"]
[EventCountry "ESP"]
[Source "lmi"]
[SourceDate "2009.07.11"]

1. c4 e6 2. g3 d5 3. Bg2 Nf6 4. Nf3 c6 5. O-O Bd6 6. b3 O-O 7. Bb2 Nbd7 8. Nc3
Re8 9. Qc2 a5 10. d3 e5 11. cxd5 Nxd5 12. e4 Nxc3 13. Bxc3 Nf6 14. d4 exd4 15.
Nxd4 Be5 16. Rad1 Qe7 17. Rfe1 Qc5 18. Qb2 Bg4 19. f3 Bh5 20. Kh1 Rad8 21. Rd3
Bxd4 22. Rxd4 Nd7 23. Red1 Qe7 24. Qd2 1-0

[Event "12. Open Internacional Málaga"]
[Site "Malaga ESP"]
[Date "2009.07.16"]
[Round "7.43"]
[White "Fernandez Garcia, Francisco Jos"]
[Black "Palomo Leon, Juan Antonio"]
[Result "0-1"]
[WhiteElo "1913"]
[BlackElo "1980"]
[PlyCount "150"]
[EventDate "2009.07.11"]
[EventType "swiss"]
[EventRounds "9"]
[EventCountry "ESP"]
[Source "lmi"]
[SourceDate "2009.07.11"]

1. e4 c6 2. d4 d5 3. Nc3 dxe4 4. f3 exf3 5. Qxf3 Nf6 6. Be3 Bg4 7. Qf2 e6 8. h3
Bf5 9. O-O-O Bb4 10. Nge2 Bxc3 11. Nxc3 Ne4 12. Nxe4 Bxe4 13. Qg3 Qf6 14. Be2
Qg6 15. Qc7 Nd7 16. Bd3 Nf6 17. h4 O-O 18. h5 Qg4 19. Bxe4 Qxe4 20. Rde1 Nd5
21. Qg3 Nxe3 22. Rxe3 Qxd4 23. h6 Rad8 24. Ree1 Qf6 25. hxg7 Qxg7 26. Qf3 Qg5+
27. Kb1 Rd2 28. g3 Qg6 29. Re4 f5 30. Reh4 Rf7 31. Rh6 Qg4 32. Qxg4+ fxg4 33.
R6h4 Rd4 34. c3 Re4 35. Rd1 Rf2 36. a3 Rf7 37. Rd8+ Kg7 38. Rd1 Kg6 39. Rdh1
Rg7 40. Ka2 Kf7 41. Rh6 Re3 42. Rf1+ Ke7 43. Rg1 b5 44. Kb3 a5 45. Rg2 Kd6 46.
Rd2+ Kc5 47. Rh5+ Kb6 48. Rg2 a4+ 49. Kc2 Kc7 50. Kd2 Rf3 51. Ke2 Kd6 52. Rg1
Rgf7 53. Rg2 R3f5 54. Rh6 Kd5 55. Ke3 Rf3+ 56. Ke2 e5 57. Rh4 Rg7 58. Rxg4 Rxg4
59. Kxf3 Rg6 60. Ke3 e4 61. Kf4 Rf6+ 62. Kg4 Kc4 63. Rd2 c5 64. Kg5 Rf7 65. g4
e3 66. Rd6 e2 67. Re6 Kd3 68. Rd6+ Ke3 69. Rd5 e1=Q 70. Rxc5 Qf1 71. Re5+ Kd3
72. Rd5+ Kc4 73. Rd4+ Kc5 74. Rb4 Qf6+ 75. Kh5 Rg7 0-1

[Event "12. Open Internacional Málaga"]
[Site "Malaga ESP"]
[Date "2009.07.17"]
[Round "8.1"]
[White "Paunovic, Dragan"]
[Black "Strikovic, Aleksa"]
[Result "1/2-1/2"]
[WhiteElo "2533"]
[BlackElo "2523"]
[PlyCount "22"]
[EventDate "2009.07.11"]
[EventType "swiss"]
[EventRounds "9"]
[EventCountry "ESP"]
[Source "lmi"]
[SourceDate "2009.07.11"]

1. Nf3 c5 2. c4 Nc6 3. g3 g6 4. Bg2 Bg7 5. O-O d6 6. Nc3 Nf6 7. d4 cxd4 8. Nxd4
Bd7 9. b3 O-O 10. Bb2 Qc8 11. Rc1 a6 1/2-1/2

[Event "12. Open Internacional Málaga"]
[Site "Malaga ESP"]
[Date "2009.07.17"]
[Round "8.2"]
[White "Korneev, Oleg"]
[Black "Khamrakulov, Ibragim S"]
[Result "1/2-1/2"]
[WhiteElo "2537"]
[BlackElo "2553"]
[PlyCount "28"]
[EventDate "2009.07.11"]
[EventType "swiss"]
[EventRounds "9"]
[EventCountry "ESP"]
[Source "lmi"]
[SourceDate "2009.07.11"]

1. e4 c5 2. Nf3 e6 3. d4 cxd4 4. Nxd4 a6 5. Bd3 Nc6 6. Nxc6 bxc6 7. O-O d5 8.
c4 Nf6 9. cxd5 cxd5 10. exd5 exd5 11. Qa4+ Bd7 12. Qh4 Be7 13. Nc3 Be6 14. Qa4+
Nd7 1/2-1/2

[Event "12. Open Internacional Málaga"]
[Site "Malaga ESP"]
[Date "2009.07.17"]
[Round "8.3"]
[White "Suba, Mihai"]
[Black "Garrido Dominguez, Jesus"]
[Result "0-1"]
[WhiteElo "2540"]
[BlackElo "2333"]
[PlyCount "94"]
[EventDate "2009.07.11"]
[EventType "swiss"]
[EventRounds "9"]
[EventCountry "ESP"]
[Source "lmi"]
[SourceDate "2009.07.11"]

1. c4 d6 2. d4 Nf6 3. Nc3 g6 4. e4 Bg7 5. Be2 Na6 6. Bg5 h6 7. Bh4 O-O 8. Nf3
c6 9. O-O Nh5 10. Qd2 g5 11. Bg3 e6 12. Rfd1 f5 13. exf5 exf5 14. Ne1 Nxg3 15.
hxg3 Nc7 16. Nc2 f4 17. g4 h5 18. f3 Ne8 19. Ne4 Nf6 20. Nf2 Qe8 21. Re1 Qg6
22. d5 c5 23. Bd3 Qh6 24. Re6 Bxe6 25. dxe6 hxg4 26. fxg4 Rfe8 27. Bf5 Rad8 28.
Qa5 Bf8 29. Rd1 d5 30. Ne1 Qg7 31. Nf3 b6 32. Qa4 dxc4 33. Qxc4 Rxd1+ 34. Nxd1
Be7 35. Nc3 Rd8 36. a4 Ne8 37. Nd5 Nd6 38. Qc2 Ne8 39. Nxe7+ Qxe7 40. Ne5 Rd5
41. Nf7 Qf6 42. Kf1 Nd6 43. Qb3 Qd4 44. Nxg5 Kf8 45. Nh3 Nc4 46. Qc3 Qd1+ 47.
Qe1 Ne3+ 0-1

[Event "12. Open Internacional Málaga"]
[Site "Malaga ESP"]
[Date "2009.07.17"]
[Round "8.4"]
[White "Stefansson, Hannes"]
[Black "Djuric, Stefan"]
[Result "1/2-1/2"]
[WhiteElo "2580"]
[BlackElo "2437"]
[PlyCount "92"]
[EventDate "2009.07.11"]
[EventType "swiss"]
[EventRounds "9"]
[EventCountry "ESP"]
[Source "lmi"]
[SourceDate "2009.07.11"]

1. e4 e5 2. Nf3 Nc6 3. Bb5 a6 4. Ba4 Nf6 5. O-O Be7 6. Re1 b5 7. Bb3 O-O 8. d3
d6 9. c3 Bb7 10. Nbd2 Nb8 11. Nf1 Nbd7 12. Ng3 Nc5 13. Bc2 Re8 14. d4 Ncd7 15.
a4 Bf8 16. b3 c6 17. h3 g6 18. Bg5 h6 19. Be3 Qc7 20. Qd2 Kh7 21. Nh2 exd4 22.
cxd4 c5 23. d5 Bg7 24. Bd3 Ne5 25. Bf1 h5 26. Bg5 c4 27. Rac1 bxa4 28. bxa4
Rac8 29. Qc2 Nfd7 30. Kh1 f6 31. Be3 h4 32. Ne2 Nd3 33. Nd4 Nxe1 34. Rxe1 Nc5
35. Bxc4 Nxe4 36. Rc1 Ng3+ 37. Kg1 Rxe3 38. fxe3 Qe7 39. Qd2 Qe4 40. Rc2 Rc5
41. Nhf3 Bh6 42. Kf2 Bxd5 43. Bd3 Nh1+ 44. Ke2 Ng3+ 45. Kf2 Nh1+ 46. Ke2 Ng3+
1/2-1/2

[Event "12. Open Internacional Málaga"]
[Site "Malaga ESP"]
[Date "2009.07.17"]
[Round "8.6"]
[White "Kurajica, Bojan"]
[Black "Larino Nieto, David"]
[Result "0-1"]
[WhiteElo "2524"]
[BlackElo "2455"]
[PlyCount "124"]
[EventDate "2009.07.11"]
[EventType "swiss"]
[EventRounds "9"]
[EventCountry "ESP"]
[Source "lmi"]
[SourceDate "2009.07.11"]

1. d4 Nf6 2. Nf3 d5 3. c4 e6 4. g3 c5 5. cxd5 exd5 6. Bg2 Nc6 7. O-O Be7 8.
dxc5 Bxc5 9. Bg5 O-O 10. Nc3 d4 11. Bxf6 Qxf6 12. Ne4 Qe7 13. Nxc5 Qxc5 14. a3
Bf5 15. Rc1 Qb6 16. Nd2 Rfe8 17. Nc4 Qd8 18. b4 Qd7 19. Re1 Bh3 20. Bxh3 Qxh3
21. Qd3 Rad8 22. b5 Ne5 23. Nxe5 Rxe5 24. Qf3 Rh5 25. Qxb7 Qxh2+ 26. Kf1 Rxb5
27. Rc8 Qh3+ 28. Kg1 Rxc8 29. Qxb5 h5 30. Qg5 Re8 31. Rd1 Re4 32. Qd8+ Kh7 33.
Rxd4 Rxe2 34. Rd1 Qf5 35. Qd4 Re4 36. Qd3 g6 37. Kg2 Qe6 38. Qd7 Kg7 39. Qxa7
h4 40. Qd7 h3+ 41. Kh2 Qf6 42. f4 Qb2+ 43. Rd2 Qc1 44. Rf2 Re1 45. Qd4+ Kh7 46.
Qd5 Kh6 47. Kxh3 Qxa3 48. Rh2 Kg7 49. Qd4+ f6 50. Rd2 Rh1+ 51. Kg2 Qc1 52. Qd7+
Kh6 53. Qd3 Qe1 54. Rf2 Rg1+ 55. Kf3 Qe7 56. Re2 Qb7+ 57. Qe4 Qb3+ 58. Qe3 Qd5+
59. Qe4 Qh5+ 60. Kf2 Qh2+ 61. Ke3 Qxg3+ 62. Kd2 Rf1 0-1

[Event "12. Open Internacional Málaga"]
[Site "Malaga ESP"]
[Date "2009.07.17"]
[Round "8.7"]
[White "Guerra Bastida, Diego"]
[Black "Ibarra Jerez, Jose Carlos"]
[Result "1/2-1/2"]
[WhiteElo "2419"]
[BlackElo "2517"]
[PlyCount "56"]
[EventDate "2009.07.11"]
[EventType "swiss"]
[EventRounds "9"]
[EventCountry "ESP"]
[Source "lmi"]
[SourceDate "2009.07.11"]

1. e4 c5 2. Nf3 e6 3. d4 cxd4 4. Nxd4 a6 5. Bd3 Bc5 6. Nb3 Ba7 7. O-O Nc6 8.
Qe2 Nge7 9. Nc3 d6 10. Kh1 e5 11. f4 exf4 12. Bxf4 O-O 13. Be3 Bxe3 14. Qxe3
Be6 15. Rad1 Rc8 16. Be2 Qc7 17. Qg3 Ne5 18. Nd4 Bc4 19. Bxc4 Nxc4 20. Nd5 Nxd5
21. Nf5 g6 22. Rxd5 Kh8 23. Qc3+ f6 24. Nxd6 Nxd6 25. Qxc7 Rxc7 26. Rxd6 Rxc2
27. e5 Rxb2 28. h3 Rxa2 1/2-1/2

[Event "12. Open Internacional Málaga"]
[Site "Malaga ESP"]
[Date "2009.07.17"]
[Round "8.8"]
[White "Ortega Ruiz, Jose Miguel"]
[Black "Carlsson, Pontus"]
[Result "1/2-1/2"]
[WhiteElo "2344"]
[BlackElo "2494"]
[PlyCount "71"]
[EventDate "2009.07.11"]
[EventType "swiss"]
[EventRounds "9"]
[EventCountry "ESP"]
[Source "lmi"]
[SourceDate "2009.07.11"]

1. d4 Nf6 2. c4 e6 3. Nf3 b6 4. g3 Ba6 5. b3 Bb4+ 6. Bd2 Be7 7. Bg2 c6 8. O-O
d5 9. Ne5 O-O 10. Bc3 Nfd7 11. Nd2 Nxe5 12. dxe5 Nd7 13. Qc2 b5 14. cxd5 cxd5
15. b4 Rc8 16. Qb2 Nb6 17. Bd4 Na4 18. Qb3 Qc7 19. a3 Qb8 20. Qe3 Rc7 21. Rfc1
Rfc8 22. Nb3 Nb6 23. Bxb6 axb6 24. Qd2 Rxc1+ 25. Rxc1 Qxe5 26. e3 h5 27. h4 Bb7
28. Nd4 Bf8 29. Bf1 Qb8 30. Nxb5 Bc6 31. Nd4 Bd7 32. Ne2 g6 33. Nf4 Qe5 34. Nd3
Qb8 35. Nf4 Qe5 36. Nd3 1/2-1/2

[Event "12. Open Internacional Málaga"]
[Site "Malaga ESP"]
[Date "2009.07.17"]
[Round "8.10"]
[White "Levin, Felix"]
[Black "Charleshouse, Glenn L"]
[Result "1-0"]
[WhiteElo "2491"]
[BlackElo "2175"]
[PlyCount "84"]
[EventDate "2009.07.11"]
[EventType "swiss"]
[EventRounds "9"]
[EventCountry "ESP"]
[Source "lmi"]
[SourceDate "2009.07.11"]

1. d4 Nf6 2. c4 e6 3. Nc3 Bb4 4. Qc2 c5 5. dxc5 O-O 6. Nf3 Na6 7. c6 bxc6 8. a3
Bxc3+ 9. Qxc3 Nc5 10. Qc2 Nce4 11. c5 Rb8 12. b4 a5 13. e3 axb4 14. axb4 Rxb4
15. Bd3 d5 16. cxd6 Nxd6 17. Ba3 Rb7 18. O-O Qc7 19. e4 e5 20. Nxe5 Re8 21. f4
c5 22. Rae1 c4 23. Nxc4 Nxc4 24. Bxc4 Be6 25. Bd3 Ra8 26. Qxc7 Rxc7 27. Bd6 Rc3
28. Bb1 Bc4 29. Rc1 Rxc1 30. Rxc1 Bb5 31. e5 Ne8 32. Bb4 g6 33. Be4 Rb8 34. Be7
Bd7 35. h3 h5 36. Bf3 Be6 37. Rc2 Bf5 38. Rd2 Be6 39. Kh2 Kg7 40. g4 hxg4 41.
hxg4 Rc8 42. Rd3 Rc4 1-0

[Event "12. Open Internacional Málaga"]
[Site "Malaga ESP"]
[Date "2009.07.17"]
[Round "8.11"]
[White "Fernandez Romero, Ernesto"]
[Black "Perez Pardo, Juan Carlos"]
[Result "1/2-1/2"]
[WhiteElo "2461"]
[BlackElo "2280"]
[PlyCount "202"]
[EventDate "2009.07.11"]
[EventType "swiss"]
[EventRounds "9"]
[EventCountry "ESP"]
[Source "lmi"]
[SourceDate "2009.07.11"]

1. e4 e5 2. Nf3 d6 3. d4 exd4 4. Nxd4 Nf6 5. Nc3 Be7 6. Be2 O-O 7. O-O Re8 8.
h3 Bf8 9. Bf3 Nbd7 10. g4 Nc5 11. Re1 g6 12. Bg5 Bg7 13. Bg2 c6 14. Qd2 Qc7 15.
Rad1 Nfd7 16. Be3 Ne5 17. b3 f6 18. f4 Nf7 19. b4 Nd7 20. a4 a5 21. b5 Nb6 22.
Bf2 c5 23. Nb3 Be6 24. Nd5 Nxd5 25. exd5 Bd7 26. Rxe8+ Bxe8 27. Re1 b6 28. Re6
Bd7 29. Qe1 Rf8 30. Nd2 f5 31. g5 Nd8 32. Re7 Rf7 33. Re2 c4 34. Nf3 Nb7 35.
Nd4 Nc5 36. Nc6 Nxa4 37. Re7 Bf8 38. Rxf7 Kxf7 39. Qa1 Nc5 40. Qh8 Bg7 41. Qxh7
Be8 42. Bf1 Ne4 43. Nd8+ Qxd8 44. Bd4 Ke7 45. Qxg7+ Bf7 46. Bxc4 a4 47. Bf6+
Nxf6 48. Qxf6+ Ke8 49. Qxd8+ Kxd8 50. Kf2 Be8 51. Ke3 a3 52. Kd2 Bxb5 53. Ba2
Kc7 54. Kc3 Ba4 55. h4 Kd8 56. Bb3 b5 57. Kb4 a2 58. Bxa2 Bxc2 59. Kxb5 Bd1 60.
Kc4 Kc7 61. Bb3 Be2+ 62. Kd4 Kb6 63. Ba4 Ka5 64. Be8 Bh5 65. Kc3 Ka6 66. Kb4
Kb6 67. Kc4 Ka5 68. Kc3 Ka6 69. Ba4 Ka5 70. Bc2 Kb5 71. Kd4 Kb4 72. Bd3 Bg4 73.
Bf1 Bf3 74. Bh3 Bh5 75. Bg2 Kb5 76. Bf1+ Kb4 77. Ba6 Ka5 78. Bc8 Kb4 79. Bd7
Kb3 80. Be8 Kb4 81. Bf7 Kb3 82. Kd3 Kb4 83. Kd4 Kb3 84. Be8 Kb4 85. Bc6 Kb3 86.
Bb5 Kb4 87. Bc4 Bg4 88. Ba2 Kb5 89. Bb3 Kb4 90. Bc4 Bh5 91. Bd3 Bg4 92. Ba6 Bh5
93. Ke3 Kc5 94. Be2 Bxe2 95. Kxe2 Kxd5 96. Kd3 Ke6 97. Kc4 Ke7 98. Kb5 Kd7 99.
Kb6 Ke7 100. Kb5 Kd7 101. Kb6 Ke7 1/2-1/2

[Event "12. Open Internacional Málaga"]
[Site "Malaga ESP"]
[Date "2009.07.17"]
[Round "8.12"]
[White "Mogranzini, Roberto"]
[Black "Cuenca Jimenez, Francisco Javier"]
[Result "1-0"]
[WhiteElo "2415"]
[BlackElo "2174"]
[PlyCount "65"]
[EventDate "2009.07.11"]
[EventType "swiss"]
[EventRounds "9"]
[EventCountry "ESP"]
[Source "lmi"]
[SourceDate "2009.07.11"]

1. e4 d5 2. exd5 Nf6 3. Bb5+ Bd7 4. Be2 Nxd5 5. d4 Bf5 6. Nf3 e6 7. O-O Be7 8.
a3 O-O 9. c4 Nb6 10. Nc3 a5 11. h3 Na6 12. Be3 h6 13. Rc1 Qe8 14. c5 Nd5 15.
Nxd5 exd5 16. Qb3 Qd7 17. Ne5 Qe6 18. Qxb7 Nxc5 19. Qc6 f6 20. Bf3 Ne4 21. Ng6
Rfe8 22. Nxe7+ Qxe7 23. Qxd5+ Qe6 24. Qxe6+ Rxe6 25. Rxc7 Rb8 26. Ra7 Rxb2 27.
Rc1 Re8 28. Rcc7 Rb1+ 29. Kh2 Ng5 30. Rxg7+ Kh8 31. Bxg5 fxg5 32. Rgf7 Rb5 33.
Bc6 1-0

[Event "12. Open Internacional Málaga"]
[Site "Malaga ESP"]
[Date "2009.07.17"]
[Round "8.13"]
[White "Cruz Alvarez de Ron, Dan"]
[Black "Cruz Ravina, Francisco Javier"]
[Result "1/2-1/2"]
[WhiteElo "2284"]
[BlackElo "2345"]
[PlyCount "47"]
[EventDate "2009.07.11"]
[EventType "swiss"]
[EventRounds "9"]
[EventCountry "ESP"]
[Source "lmi"]
[SourceDate "2009.07.11"]

1. g3 d5 2. Bg2 Nf6 3. Nf3 g6 4. O-O Bg7 5. d4 O-O 6. c4 dxc4 7. Na3 c3 8. bxc3
c5 9. Nc4 Nc6 10. Nfe5 Nd5 11. Bb2 cxd4 12. cxd4 Nxe5 13. Nxe5 Nb6 14. Rc1 Bxe5
15. dxe5 Be6 16. Bxb7 Rb8 17. Bf3 Bxa2 18. Ba3 Bd5 19. Bxd5 Nxd5 20. e4 Nb4 21.
Qxd8 Rfxd8 22. Rc7 a5 23. Rxe7 Rd3 24. Bc1 1/2-1/2

[Event "12. Open Internacional Málaga"]
[Site "Malaga ESP"]
[Date "2009.07.17"]
[Round "8.16"]
[White "Karim, Ismael"]
[Black "Yeo, Michael J"]
[Result "1-0"]
[WhiteElo "2406"]
[BlackElo "2136"]
[PlyCount "55"]
[EventDate "2009.07.11"]
[EventType "swiss"]
[EventRounds "9"]
[EventCountry "ESP"]
[Source "lmi"]
[SourceDate "2009.07.11"]

1. d4 d5 2. Nf3 Nc6 3. c4 Bg4 4. Nc3 e6 5. cxd5 exd5 6. Bf4 Bxf3 7. gxf3 Nge7
8. e3 Ng6 9. Bg3 h5 10. Qb3 Bb4 11. h4 O-O 12. O-O-O Bxc3 13. Qxc3 Nge7 14. Bh3
b5 15. Rhg1 b4 16. Qd3 f5 17. Kb1 a5 18. Rc1 g6 19. Rc5 Rb8 20. Bf4 Qd7 21. Bg5
a4 22. Rgc1 Rb7 23. Bf4 Rf6 24. Bf1 a3 25. b3 Rb6 26. Qc2 Kf8 27. Bb5 Re6 28.
Ba4 1-0

[Event "12. Open Internacional Málaga"]
[Site "Malaga ESP"]
[Date "2009.07.17"]
[Round "8.17"]
[White "Quillan, Gary"]
[Black "Weber, Francois"]
[Result "1-0"]
[WhiteElo "2405"]
[BlackElo "2164"]
[PlyCount "128"]
[EventDate "2009.07.11"]
[EventType "swiss"]
[EventRounds "9"]
[EventCountry "ESP"]
[Source "lmi"]
[SourceDate "2009.07.11"]

1. e4 e5 2. Nf3 Nc6 3. Bb5 f5 4. d3 Nf6 5. O-O Bc5 6. Nc3 O-O 7. exf5 Nd4 8.
Nxd4 exd4 9. Ne4 Be7 10. Qf3 Ne8 11. Ng3 c6 12. Ba4 d5 13. Bb3 Nd6 14. Qf4 Nxf5
15. Nxf5 Rxf5 16. Qxd4 Qf8 17. Qe3 Bd7 18. Qe2 Re8 19. Be3 Kh8 20. d4 Bd6 21.
c3 Qf6 22. g3 Qf7 23. Rfe1 Rh5 24. Bd1 Rf5 25. Qf1 Rf6 26. Bg5 Rfe6 27. Rxe6
Qxe6 28. Be3 Qf5 29. Rc1 a6 30. Be2 Qg6 31. Bf3 Bf5 32. Qe2 Qf7 33. Bh5 g6 34.
Bf3 Bd7 35. Bg2 h5 36. c4 Bg4 37. Qd2 dxc4 38. d5 c5 39. Rxc4 b5 40. Rc1 Qe7
41. h3 Bf5 42. Bf4 Kh7 43. Bxd6 Qxd6 44. b3 Rc8 45. Qe2 Bd7 46. Qf3 Rf8 47. Qe3
Rc8 48. Qg5 Re8 49. Qd2 b4 50. Qc2 Rc8 51. Re1 Re8 52. Rc1 Rc8 53. Re1 Re8 54.
Rxe8 Bxe8 55. Qe4 Bd7 56. f4 Kg7 57. Bf1 Kf6 58. Kh2 Bf5 59. Qc4 a5 60. Bg2 Bc8
61. Qe4 Bd7 62. Qe3 Bb5 63. g4 hxg4 64. hxg4 Qb6 1-0

[Event "12. Open Internacional Málaga"]
[Site "Malaga ESP"]
[Date "2009.07.17"]
[Round "8.18"]
[White "Terron Elena, Francisco M"]
[Black "Osuna Vega, Enrique"]
[Result "1-0"]
[WhiteElo "2282"]
[BlackElo "2113"]
[PlyCount "105"]
[EventDate "2009.07.11"]
[EventType "swiss"]
[EventRounds "9"]
[EventCountry "ESP"]
[Source "lmi"]
[SourceDate "2009.07.11"]

1. d4 Nf6 2. Nf3 g6 3. c4 Bg7 4. Nc3 d5 5. Bf4 O-O 6. e3 c5 7. dxc5 Qa5 8. Rc1
dxc4 9. Bxc4 Qxc5 10. Bb3 Bg4 11. O-O Qh5 12. h3 Bxf3 13. Qxf3 Qxf3 14. gxf3
Nc6 15. Rfd1 Rfd8 16. Ba4 Nb4 17. Bc7 Rdc8 18. Be5 Nc6 19. Bxf6 Bxf6 20. Nd5
Kg7 21. f4 Bh4 22. b3 e6 23. Bxc6 bxc6 24. Nb4 c5 25. Nd3 Be7 26. Rc3 a5 27.
Rdc1 Rd8 28. Nxc5 Bxc5 29. Rxc5 a4 30. b4 a3 31. R5c2 Rd5 32. Rb1 Rad8 33. Rb3
Rb5 34. Kf1 Rd1+ 35. Ke2 Rh1 36. Kd3 Rxh3 37. Rc5 Rxc5 38. bxc5 Kf6 39. Rxa3
Rh1 40. Kc4 h5 41. c6 Ke7 42. Kc5 Rc1+ 43. Kb6 h4 44. e4 e5 45. c7 exf4 46. Ra8
g5 47. c8=Q Rxc8 48. Rxc8 g4 49. Rh8 h3 50. Rh4 f5 51. exf5 Kf6 52. Rxg4 Kxf5
53. Rh4 1-0